Sinonim Inggeris-Melayu : English-Malay synonyms

Bibliographic Details
Main Authors: Abdullah Hassan (Author), Ainon Mohd (Author)
Format: Book
Language:English
Published: Kuala Lumpur : Utusan Publications & Distributors Sdn. Bhd. 1994
Subjects:

MARC

LEADER 00000cam a2200000 7i4500
001 0000003363
005 20240912.0
008 991203 my eng
020 |a 967610485x (pbk) 
040 |a INS   |b eng   |e rda 
090 0 0 |a RPL5125   |b .A22 1994 
100 0 |a Abdullah Hassan ,   |e author 
245 1 0 |a Sinonim Inggeris-Melayu :   |b English-Malay synonyms   |c Abdullah Hassan, Ainon Mohd 
264 1 |a Kuala Lumpur :   |b Utusan Publications & Distributors Sdn. Bhd.   |c 1994 
264 4 |c ©1994 
300 |a ii, 572 pages ;   |c 22 cm. 
336 |a text  |2 rdacontent 
337 |a unmediated  |2 rdamedia 
338 |a volume  |2 rdacarrier 
650 0 |a English language   |x Dictionaries   |x Malay 
700 0 |a Ainon Mohd. ,   |e author 
999 |a 0000005494   |b BOOK   |c Red Spot   |e Default branch